FA Cup Final Captains Quiz Stats

 Plays Quiz not verified by Sporcle

Support Sporcle.
Go Orange.
Score 0/30 Timer 10:00
1 Play Today
Year Answer % Correct
2007John Terry
95.8%
2009John Terry
95.8%
2010John Terry
95.8%
2012John Terry
95.8%
2019Vincent Kompany
95.3%
2006Steven Gerrard
93.5%
1999Roy Keane
89.3%
2004Roy Keane
89.3%
1993Tony Adams
88.1%
1998Tony Adams
88.1%
2002Tony Adams
88.1%
2005Patrick Vieira
77.8%
1994Steve Bruce
73.5%
2016Wayne Rooney
72%
1996Eric Cantona
67%
Year Answer % Correct
2015Per Mertesacker
63.4%
2017Per Mertesacker
63.4%
1990Bryan Robson
61.8%
2008Sol Campbell
60.9%
1997Dennis Wise
57.1%
2000Dennis Wise
57.1%
2003David Seaman
56.3%
2018Gary Cahill
56.1%
2001Sami Hyypia
54.7%
2014Mikel Arteta
48.9%
1995Dave Watson
43%
1991Gary Mabbutt
36.8%
1992Mark Wright
30.4%
2011Carlos Tevez
29.4%
2013Emmerson Boyce
19.6%

You're not logged in!

Compare scores with friends on all Sporcle quizzes.
OR
Log In

From the Vault

North America Population Grid

by NYYanks

It's such a nice grid, we could certainly go for some tic tac toe.
Remove Ads.
Support Sporcle.
Get the best of Sporcle when you Go Orange. This ad-free experience offers more features, more stats, and more fun while also helping to support Sporcle. Thank you for becoming a member.

Show Comments

Extras

Top Quizzes Today


Score Distribution

Your Account Isn't Verified!

In order to create a playlist on Sporcle, you need to verify the email address you used during registration. Go to your Sporcle Settings to finish the process.

Report this User

Report this user for behavior that violates our Community Guidelines.

Details: